[Event "Osijek op"]
[Site "Osijek"]
[Date "2015.03.08"]
[Round "7"]
[White "Radman, Marijan"]
[Black "Truscek, Dubravko"]
[Result "1-0"]
[WhiteElo "1781"]
[BlackElo "1811"]
[PlyCount "93"]
[EventDate "2015.03.05"]
[EventType "swiss"]
[EventRounds "7"]
[EventCountry "CRO"]
[SourceTitle "CBM 165 Extra"]
[Source "ChessBase"]
[SourceDate "2015.04.21"]
[SourceVersion "1"]
[SourceVersionDate "2015.04.21"]
[SourceQuality "1"]

1. d4 b6 2. Bf4 d6 3. e3 e6 4. Bd3 Be7 5. Be4 c6 6. Nf3 Nf6 7. Bd3 Nbd7 8. h3 Nd5 9. Bh2 Nb4 10. Be2 0-0 11. a3 Na6 12. 0-0 Nc7 13. Bd3 Bf6 14. Bxd6 Re8 15. Nbd2 c5 16. c3 Nf8 17. Bh2 Bb7 18. Qc2 a6 19. dxc5 bxc5 20. Rfd1 Qe7 21. Ne4 e5 22. Nxf6+ Qxf6 23. Be4 Rab8 24. b4 cxb4 25. cxb4 Bxe4 26. Qxe4 Ng6 27. Rdc1 Nb5 28. Qc6 Re6 29. Qc2 Nd6 30. Nd2 Rc8 31. Qb2 Rd8 32. Rc6 Qe7 33. Rac1 Ne8 34. Rxe6 Qxe6 35. Nf3 e4 36. Nd4 Qd7 37. Qc3 f5 38. Qc6 Ne7 39. Qc4+ Kh8 40. Qxa6 Qd5 41. Qe6 Qb7 42. Qf7 Qd7 43. Be5 Ng6 44. Qxd7 Rxd7 45. Rc8 Re7 46. Bd6 Re6 47. Nxe6 1-0

[Event "Osijek op"]
[Site "Osijek"]
[Date "2015.03.06"]
[Round "3"]
[White "Radman, Marijan"]
[Black "Kroo, Ivica"]
[Result "1-0"]
[WhiteElo "1781"]
[BlackElo "1721"]
[PlyCount "83"]
[EventDate "2015.03.05"]
[EventType "swiss"]
[EventRounds "7"]
[EventCountry "CRO"]
[SourceTitle "CBM 165 Extra"]
[Source "ChessBase"]
[SourceDate "2015.04.21"]
[SourceVersion "1"]
[SourceVersionDate "2015.04.21"]
[SourceQuality "1"]

1. d4 Nf6 2. Bg5 d5 3. Bxf6 exf6 4. e3 Bd6 5. c4 dxc4 6. Bxc4 0-0 7. Nc3 c6 8. Nge2 Nd7 9. Qc2 Qe7 10. 0-0 Re8 11. a4 Nf8 12. a5 a6 13. Bd3 Qc7 14. Ng3 Bd7 15. Rfc1 g6 16. Nce4 Kg7 17. Nxd6 Qxd6 18. Ne4 Qc7 19. Nc5 Be6 20. b4 Nd7 21. Ra3 f5 22. Bc4 Nxc5 23. bxc5 f4 24. Bxe6 Rxe6 25. e4 Rae8 26. f3 g5 27. Rb1 h5 28. Qb2 R6e7 29. d5+ Qe5 30. d6 Rd7 31. Kf2 f6 32. Qxe5 fxe5 33. Rab3 Rb8 34. Rb6 g4 35. Rxc6 bxc6 36. Rxb8 Kf6 37. Rb6 Kg5 38. Rxc6 g3+ 39. hxg3 fxg3+ 40. Kxg3 h4+ 41. Kf2 Rb7 42. Rb6 1-0

[Event "Osijek-ch op"]
[Site "Osijek"]
[Date "2014.02.21"]
[Round "3"]
[White "Radman, Marijan"]
[Black "Turkalj, Zvonko"]
[Result "1-0"]
[WhiteElo "1737"]
[BlackElo "1927"]
[PlyCount "79"]
[EventDate "2014.02.20"]
[EventType "swiss"]
[EventRounds "7"]
[EventCountry "CRO"]
[SourceTitle "CBM 159 Extra"]
[Source "ChessBase"]
[SourceDate "2014.04.24"]
[SourceVersion "1"]
[SourceVersionDate "2014.04.24"]
[SourceQuality "1"]

1. d4 Nf6 2. Bg5 h6 3. Bxf6 gxf6 4. e3 d5 5. c4 c6 6. Nc3 Qa5 7. cxd5 cxd5 8. a3 e6 9. b4 Qd8 10. Nf3 Bd7 11. Bd3 Nc6 12. Qb3 a6 13. Na4 e5 14. Qxd5 Nxb4 15. axb4 Bxb4+ 16. Ke2 Bc6 17. Qxd8+ Rxd8 18. dxe5 fxe5 19. Nxe5 Bxg2 20. Rhg1 Bh3 21. Rad1 Ke7 22. Bxa6 Rxd1 23. Rxd1 Rc8 24. Bxb7 Rc2+ 25. Kf3 Kf6 26. Nd3 Rc4 27. Nf4 Bf5 28. Nb6 Rc5 29. Nbd5+ Kg5 30. Rg1+ Kh4 31. Nxb4 Rb5 32. Be4 Bxe4+ 33. Kxe4 Rxb4+ 34. Kf3 f5 35. Rg6 h5 36. Kg2 Rb2 37. Nd3 Rd2 38. Ne5 Rxf2+ 39. Kxf2 f4 40. exf4 1-0